LEADER 02533oam 2200721I 450 001 9910449983203321 005 20200520144314.0 010 $a1-134-31251-2 010 $a1-134-31252-0 010 $a0-203-69257-8 010 $a1-280-02543-3 010 $a0-203-41745-3 024 7 $a10.4324/9780203417454 035 $a(CKB)1000000000247580 035 $a(EBL)200685 035 $a(OCoLC)475911865 035 $a(SSID)ssj0000287979 035 $a(PQKBManifestationID)11247437 035 $a(PQKBTitleCode)TC0000287979 035 $a(PQKBWorkID)10391093 035 $a(PQKB)11156473 035 $a(MiAaPQ)EBC200685 035 $a(Au-PeEL)EBL200685 035 $a(CaPaEBR)ebr10101269 035 $a(CaONFJC)MIL2543 035 $a(OCoLC)56557906 035 $a(EXLCZ)991000000000247580 100 $a20180706d2004 uy 0 101 0 $aeng 135 $aur|n|---||||| 181 $ctxt 182 $cc 183 $acr 200 10$aAdorno, Habermas, and the search for a rational society /$fDeborah Cook 210 1$aLondon ;$aNew York :$cRoutledge,$d2004. 215 $a1 online resource (241 p.) 225 1 $aRoutledge studies in social and political thought ;$v40 300 $aDescription based upon print version of record. 311 $a0-415-61922-X 311 $a0-415-33479-9 320 $aIncludes bibliographical references (p. [211]-221) and index. 327 $aBook Cover; Title; Contents; Acknowledgements; Introduction; Society; Reification; Reason; Critique; Emancipation; Conclusion; Notes; Bibliography; Index 330 $aExploring the premises shared by both critical theorists, along with their profound disagreements about social conditions today, this book defends Adorno against Habermas' influential criticisms of his account of Western society. 410 0$aRoutledge studies in social and political thought ;$v40. 606 $aCritical theory 606 $aFrankfurt school of sociology 606 $aSociology$xPhilosophy 606 $aRationalism 608 $aElectronic books. 615 0$aCritical theory. 615 0$aFrankfurt school of sociology. 615 0$aSociology$xPhilosophy. 615 0$aRationalism. 676 $a193 676 $a301/.01 700 $aCook$b Deborah$f1954-,$0880338 801 0$bMiAaPQ 801 1$bMiAaPQ 801 2$bMiAaPQ 906 $aBOOK 912 $a9910449983203321 996 $aAdorno, Habermas, and the search for a rational society$91965747 997 $aUNINA LEADER 01803nam0 22004093i 450 001 VAN00215744 005 20250604050752.68 017 70$2N$a9783030315207 100 $a20210923d2019 |0itac50 ba 101 $aeng 102 $aCH 105 $a|||| ||||| 200 1 $aFinding Your Research Voice$eStory Telling and Theatre Skills for Bringing Your Presentation to Life$fItai Cohen, Melanie Dreyer-Lude 210 $aCham$cSpringer$d2019 215 $ax, 105 p.$cill.$d24 cm 500 1$3VAN00215753$aFinding Your Research Voice$92785180 606 $a00-XX$xGeneral and overarching topics; collections [MSC 2020]$3VANC025238$2MF 606 $a00A79 (77-XX)$xPhysics [MSC 2020]$3VANC023182$2MF 610 $aEffective science communication$9KW:K 610 $aGreat science talk skills$9KW:K 610 $aImprove science talk$9KW:K 610 $aScience communication$9KW:K 610 $aScientific presentation skills$9KW:K 610 $aTheatre techniques science presentations$9KW:K 610 $aTheatre techniques scientists$9KW:K 620 $aCH$dCham$3VANL001889 700 1$aCohen$bItai$3VANV184482$0837182 701 1$aDreyer-Lude$bMelanie$3VANV184483$0837183 712 $aSpringer $3VANV108073$4650 801 $aIT$bSOL$c20250606$gRICA 856 4 $uhttp://doi.org/10.1007/978-3-030-31520-7$zE-book ? Accesso al full-text attraverso riconoscimento IP di Ateneo, proxy e/o Shibboleth 899 $aBIBLIOTECA DEL DIPARTIMENTO DI MATEMATICA E FISICA$1IT-CE0120$2VAN08 912 $fN 912 $aVAN00215744 950 $aBIBLIOTECA DEL DIPARTIMENTO DI MATEMATICA E FISICA$d08DLOAD e-book 3898 $e08eMF3898 20210923 996 $aFinding Your Research Voice$92785180 997 $aUNICAMPANIA